Úverové zmluvy podľa nemeckého práva
Úver v nemeckom práve a základné pramene nemeckého bankového práva. Mechanizmus poskytnutia bankového úveru. Úverová zmluva. Povinnosti banky pri poskytovaní úverov. Komerčné úvery.
Gespeichert in:
| 1. Verfasser: | |
|---|---|
| Format: | Buchkapitel |
| Sprache: | Slowakisch |
| Schlagworte: | |
| Tags: |
Keine Tags, Fügen Sie das erste Tag hinzu!
|
MARC
| LEADER | 00000naa$a2200000$$$4500 | ||
|---|---|---|---|
| 001 | 0055469 | ||
| 005 | 20231116083400.0 | ||
| 041 | 0 | |a slo | |
| 044 | |a SK | ||
| 245 | 1 | 0 | |a Úverové zmluvy podľa nemeckého práva |c Katarína Chovancová |
| 520 | |a Úver v nemeckom práve a základné pramene nemeckého bankového práva. Mechanizmus poskytnutia bankového úveru. Úverová zmluva. Povinnosti banky pri poskytovaní úverov. Komerčné úvery. | ||
| 610 | 2 | 0 | |a úver bankový |
| 610 | 2 | 0 | |a zmluvy úverové |
| 610 | 2 | 0 | |a Nemecko |
| 610 | 2 | 0 | |a banky |
| 100 | 1 | |a Chovancová, Katarína | |